Encyclopedia of computer science /

Guardado en:
Otros Autores: Ralston, Anthony., Meek, Chester L., 1941-
Formato: Libro
Idioma:English
Publicado: New York : Petrocelli/Charter, 1976.
Edición:1st ed.
Materias:
Etiquetas: Agregar Etiqueta
Sin Etiquetas, Sea el primero en etiquetar este registro!
LEADER 00767cam a2200229 i 4500
001 MAT.inmabb007073
008 760423s1976####nyua#####be###001#0#eng##
005 20180227155325.0
245 0 0 |a Encyclopedia of computer science /  |c Anthony Ralston, editor, Chester L. Meek, assistant editor. 
250 |a 1st ed. 
260 |a New York :  |b Petrocelli/Charter,  |c 1976. 
300 |a xxviii, 1523 p. :  |b il. ;  |c 26 cm. 
504 |a Incluye referencias bibliográficas e índice. 
510 4 |a MR,  |c 56 #27 
020 |a 0884053210 
700 1 |a Ralston, Anthony. 
700 1 |a Meek, Chester L.,  |d 1941- 
650 0 |a Computer science  |x Encyclopedias. 
084 |a 68-06 (00A20)  |2 msc2010 
010 |a  76015032  
040 |a DLC  |c DLC  |d DLC 
859 |h 68  |i En56  |p A-4505  |b BIB. MATEMATICA